000 00426nam a22001577a 4500
999 _c7755
_d7755
003 GBCCL
005 20241126110636.0
008 180918b ||||| |||| 00| 0 eng d
040 _cgbc
082 _aVER 423
_bPAI
245 _aPaite- English thumal suina /
_ccompiled by B Goukhozam Ngaihte
260 _aLamka :
_bB Jamsangchin,
_c2011
300 _a300p. ;
650 _aDictionary
_vEnglish
_xPaite
_913548
942 _2ddc
_cBK